LEADER 01192nam a2200277 i 4500 001 991001908329707536 005 20020508183558.0 008 960429s1990 it ||| | || 035 $ab1093084x-39ule_inst 035 $aPARLA151013$9ExL 040 $aDip.to Scienze pedagogiche$bita 082 0 $a945.091 100 1 $aAllara, Giovanni$0537949 245 10$aAlcide De Gasperi in Parlamento 1921-1954 :$bun'antologia di discorsi parlamentari /$ca cura di Carlo Dané e Giovanni Allara ; con un discorso commemorativo di Giulio Andreotti 260 $aRoma :$bCinque Lune,$c1990 300 $a467 p. 24 cm. 490 0 $aFormazione politica 490 0 $aAlcide De Gasperi ;$v1 700 1 $aDané, Carlo 907 $a.b1093084x$b23-02-17$c28-06-02 912 $a991001908329707536 945 $aLE005 MF 28 A 30/I$cV. 1$g1$iLE005N-11350$lle005$o-$pE0.00$q-$rl$s- $t0$u0$v0$w0$x0$y.i11035924$z28-06-02 945 $aLE022 945 DEG01.DAN01.01 V. 1$cV. 1$g1$i2022000015066$lle022$o-$pE0.00$q-$rl$s- $t0$u0$v0$w0$x0$y.i11035912$z28-06-02 996 $aAlcide De Gasperi in Parlamento 1921-1954$9919888 997 $aUNISALENTO 998 $ale005$ale022$b01-01-96$cm$da $e-$feng$git $h0$i2